[Event "Superfinal (women)"]
[Site "Moscow"]
[Date "2020.12.05"]
[Round "1.1"]
[White "Kashlinskaya, Alina"]
[Black "Kosteniuk, Alexandra"]
[Result "1/2-1/2"]
[BlackElo "2471"]
[WhiteElo "2494"]
[LiveChessVersion "1.4.8"]

1. d4 {[%clk 1:30:57]} Nf6 {[%clk 1:30:54]} 2. c4 {[%clk 1:31:16]} e6
{[%clk 1:31:20]} 3. Nf3 {[%clk 1:31:36]} d5 {[%clk 1:31:39]} 4. Nc3
{[%clk 1:31:56]} Bb4 {[%clk 1:31:52]} 5. Qb3 {[%clk 1:32:12]} c5 {[%clk 1:31:48]}
6. dxc5 {[%clk 1:32:18]} Na6 {[%clk 1:32:05]} 7. a3 {[%clk 1:25:06]} Bxc3+
{[%clk 1:31:40]} 8. Qxc3 {[%clk 1:25:30]} Nxc5 {[%clk 1:31:21]} 9. cxd5
{[%clk 1:25:41]} Qxd5 {[%clk 1:31:29]} 10. Be3 {[%clk 1:25:31]} Nce4
{[%clk 1:31:14]} 11. Qe5 {[%clk 1:25:01]} Qxe5 {[%clk 1:30:28]} 12. Nxe5
{[%clk 1:24:30]} Nd5 {[%clk 1:30:37]} 13. Bc1 {[%clk 1:24:43]} Bd7
{[%clk 1:28:31]} 14. f3 {[%clk 1:24:19]} Nc5 {[%clk 1:28:41]} 15. e4
{[%clk 1:24:33]} Nb3 {[%clk 1:26:09]} 16. Rb1 {[%clk 1:24:56]} Nb6
{[%clk 1:26:22]} 17. Be3 {[%clk 1:25:05]} Rc8 {[%clk 1:14:34]} 18. g4
{[%clk 1:23:52]} Ke7 {[%clk 1:05:52]} 19. g5 {[%clk 1:03:58]} Rhd8
{[%clk 1:00:40]} 20. Rg1 {[%clk 1:03:39]} Be8 {[%clk 0:57:08]} 21. Rg2
{[%clk 0:55:51]} Nd4 {[%clk 0:49:37]} 22. Kf2 {[%clk 0:47:40]} Rc2+
{[%clk 0:34:02]} 23. Kg3 {[%clk 0:47:24]} Rxg2+ {[%clk 0:34:04]} 24. Kxg2
{[%clk 0:46:37]} f6 {[%clk 0:33:56]} 25. Ng4 {[%clk 0:41:55]} Nc2
{[%clk 0:23:12]} 26. gxf6+ {[%clk 0:37:13]} gxf6 {[%clk 0:23:33]} 27. Bh6
{[%clk 0:37:17]} Kf7 {[%clk 0:20:33]} 28. Rc1 {[%clk 0:32:19]} Ba4
{[%clk 0:20:32]} 29. Kf2 {[%clk 0:30:46]} Kg6 {[%clk 0:14:03]} 30. Be2
{[%clk 0:26:22]} Nd4 {[%clk 0:11:29]} 31. Bf1 {[%clk 0:17:21]} Nc6
{[%clk 0:10:14]} 32. h4 {[%clk 0:15:10]} Rd1 {[%clk 0:05:34]} 33. Rxd1
{[%clk 0:13:44]} Bxd1 {[%clk 0:06:01]} 34. Be3 {[%clk 0:08:37]} h5
{[%clk 0:05:45]} 35. Nh2 {[%clk 0:09:00]} e5 {[%clk 0:03:53]} 36. Bb5
{[%clk 0:07:27]} Ba4 {[%clk 0:02:17]} 37. Bd3 {[%clk 0:07:25]} Bb3
{[%clk 0:02:04]} 38. Nf1 {[%clk 0:07:01]} Nc4 {[%clk 0:02:01]} 39. Bc1
{[%clk 0:06:53]} Nd4 {[%clk 0:01:58]} 40. Ne3 {[%clk 0:31:14]} b5
{[%clk 0:31:44]} 41. f4 {[%clk 0:26:13]} exf4 {[%clk 0:17:38]} 42. Nd5
{[%clk 0:25:42]} Ne5 43. Nxf4+ {[%clk 0:25:56]} Kf7 {[%clk 0:15:57]} 44. Bf1
{[%clk 0:21:11]} Bd1 {[%clk 0:14:43]} 45. Bd2 {[%clk 0:18:22]} Ndf3
{[%clk 0:08:32]} 46. Bc3 {[%clk 0:18:25]} Nxh4 {[%clk 0:08:29]} 47. Bxb5
{[%clk 0:18:30]} Nhg6 {[%clk 0:08:30]} 48. Nxg6 {[%clk 0:17:43]} Kxg6
{[%clk 0:08:52]} 49. b4 {[%clk 0:16:20]} h4 {[%clk 0:08:33]} 50. Bd4
{[%clk 0:13:53]} h3 {[%clk 0:08:06]} 51. Be8+ {[%clk 0:06:44]} Kg7
{[%clk 0:08:32]} 52. Bxe5 {[%clk 0:06:56]} fxe5 {[%clk 0:08:58]} 53. Kg3
{[%clk 0:05:54]} Bg4 {[%clk 0:08:47]} 54. a4 {[%clk 0:06:04]} Kf6
{[%clk 0:05:46]} 55. a5 {[%clk 0:06:01]} Bc8 {[%clk 0:05:43]} 56. Bc6
{[%clk 0:03:34]} Ke7 {[%clk 0:05:41]} 57. Bd5 {[%clk 0:02:04]} Kd6
{[%clk 0:04:58]} 58. Kh2 {[%clk 0:01:31]} Bd7 {[%clk 0:05:02]} 59. Kg3
{[%clk 0:01:56]} Bc8 {[%clk 0:05:28]} 60. Kh2 {[%clk 0:01:28]} 1/2-1/2

[Event "Superfinal (women)"]
[Site "Moscow"]
[Date "2020.12.05"]
[Round "1.2"]
[White "Shuvalova, Polina"]
[Black "Guseva, Marina"]
[Result "1-0"]
[BlackElo "2359"]
[WhiteElo "2456"]
[LiveChessVersion "1.4.8"]

1. e4 {[%clk 1:30:57]} c5 {[%clk 1:30:56]} 2. Nf3 {[%clk 1:31:20]} d6
{[%clk 1:31:21]} 3. d4 {[%clk 1:31:45]} cxd4 {[%clk 1:31:47]} 4. Nxd4
{[%clk 1:32:12]} Nf6 {[%clk 1:32:12]} 5. Nc3 {[%clk 1:32:38]} a6 {[%clk 1:32:38]}
6. h3 {[%clk 1:33:04]} e5 {[%clk 1:32:38]} 7. Nde2 {[%clk 1:33:30]} h5
{[%clk 1:33:02]} 8. g3 {[%clk 1:33:54]} Be6 {[%clk 1:33:08]} 9. Bg2
{[%clk 1:34:18]} b5 {[%clk 1:33:30]} 10. a4 {[%clk 1:34:37]} b4 {[%clk 1:33:33]}
11. Nd5 {[%clk 1:35:02]} Bxd5 {[%clk 1:24:01]} 12. exd5 {[%clk 1:35:16]} Nbd7
{[%clk 1:24:27]} 13. O-O {[%clk 1:31:05]} Be7 {[%clk 1:23:37]} 14. c3
{[%clk 1:31:19]} bxc3 {[%clk 1:23:34]} 15. Nxc3 {[%clk 1:31:44]} Rb8
{[%clk 1:07:39]} 16. a5 {[%clk 1:24:19]} h4 {[%clk 1:01:03]} 17. Qe2
{[%clk 1:20:25]} Nc5 {[%clk 0:55:07]} 18. Be3 {[%clk 1:16:30]} Nfd7
{[%clk 0:53:41]} 19. Rfb1 {[%clk 1:10:28]} Rb3 {[%clk 0:47:46]} 20. Na4
{[%clk 0:59:23]} hxg3 {[%clk 0:26:07]} 21. fxg3 {[%clk 0:59:07]} O-O
{[%clk 0:19:54]} 22. Kh2 {[%clk 0:50:09]} Nxa4 {[%clk 0:16:26]} 23. Rxa4
{[%clk 0:50:32]} Qb8 {[%clk 0:16:31]} 24. Bf2 {[%clk 0:35:14]} Qb7
{[%clk 0:08:19]} 25. Rc4 {[%clk 0:30:13]} Rb5 {[%clk 0:04:31]} 26. Qc2
{[%clk 0:24:56]} Bd8 {[%clk 0:04:30]} 27. Be1 {[%clk 0:15:16]} Nb8
{[%clk 0:03:20]} 28. Be4 {[%clk 0:14:32]} f5 {[%clk 0:01:38]} 29. Bxf5
{[%clk 0:14:01]} Qxd5 {[%clk 0:02:05]} 30. Rd1 {[%clk 0:11:53]} Qf7
{[%clk 0:01:26]} 31. Rxd6 {[%clk 0:08:57]} Qxf5 {[%clk 0:00:49]} 32. Qxf5
{[%clk 0:09:14]} Rxf5 {[%clk 0:01:16]} 33. Rxd8+ {[%clk 0:09:37]} Kh7
{[%clk 0:01:15]} 34. Bc3 {[%clk 0:09:02]} Rf2+ {[%clk 0:00:42]} 35. Kg1
{[%clk 0:09:27]} Rf6 {[%clk 0:00:50]} 36. Kg2 {[%clk 0:07:07]} Nc6
{[%clk 0:01:02]} 37. Rh4+ {[%clk 0:07:10]} Kg6 {[%clk 0:00:40]} 38. Rd7
{[%clk 0:07:22]} Nxa5 {[%clk 0:00:36]} 39. Rg4+ {[%clk 0:07:32]} Kf5
{[%clk 0:01:02]} 40. Rgxg7 {[%clk 0:36:56]} Nc4 {[%clk 0:31:06]} 41. Kf3
{[%clk 0:27:11]} Ke6+ {[%clk 0:20:38]} 42. Ke2 {[%clk 0:26:31]} Nxb2
{[%clk 0:18:43]} 43. g4 {[%clk 0:22:17]} Rf8 {[%clk 0:17:29]} 44. Rge7+
{[%clk 0:17:25]} Kf6 {[%clk 0:17:55]} 45. h4 {[%clk 0:17:28]} Rc5
{[%clk 0:06:57]} 46. g5+ {[%clk 0:15:25]} Kg6 {[%clk 0:07:23]} 47. Rg7+
{[%clk 0:09:39]} Kh5 {[%clk 0:07:05]} 48. Rh7+ {[%clk 0:09:42]} Kg4
{[%clk 0:07:23]} 49. Bxb2 {[%clk 0:09:50]} Rc2+ {[%clk 0:07:50]} 50. Rd2
{[%clk 0:10:06]} Rf2+ {[%clk 0:08:17]} 51. Kxf2 {[%clk 0:10:32]} Rxd2+
{[%clk 0:08:45]} 52. Ke3 {[%clk 0:10:56]} Rxb2 {[%clk 0:09:12]} 53. g6
{[%clk 0:11:16]} Kf5 {[%clk 0:03:23]} 54. g7 {[%clk 0:11:32]} Rb3+
{[%clk 0:03:38]} 55. Kd2 {[%clk 0:11:56]} Rb2+ {[%clk 0:04:05]} 56. Kd1
{[%clk 0:11:54]} Rg2 {[%clk 0:02:25]} 57. h5 {[%clk 0:12:18]} a5 {[%clk 0:01:08]}
58. h6 {[%clk 0:12:28]} a4 {[%clk 0:01:35]} 59. Rh8 a3 {[%clk 0:01:53]} 60. Ra8
{[%clk 0:11:53]} 1-0

[Event "Superfinal (women)"]
[Site "Moscow"]
[Date "2020.12.05"]
[Round "1.3"]
[White "Getman, Tatyana"]
[Black "Girya, Olga"]
[Result "1/2-1/2"]
[BlackElo "2464"]
[WhiteElo "2302"]
[LiveChessVersion "1.4.8"]

1. d4 {[%clk 1:30:58]} Nf6 {[%clk 1:30:47]} 2. c4 {[%clk 1:31:15]} e6
{[%clk 1:31:08]} 3. Nf3 {[%clk 1:31:24]} b6 {[%clk 1:31:13]} 4. a3
{[%clk 1:30:54]} Bb7 {[%clk 1:31:34]} 5. Nc3 {[%clk 1:31:09]} d5 {[%clk 1:31:42]}
6. cxd5 {[%clk 1:31:01]} Nxd5 {[%clk 1:32:07]} 7. Qa4+ {[%clk 1:22:26]} Nd7
{[%clk 1:32:17]} 8. Bg5 {[%clk 1:22:35]} Be7 {[%clk 1:24:23]} 9. Bxe7
{[%clk 1:22:09]} Qxe7 {[%clk 1:24:50]} 10. Nxd5 {[%clk 1:21:52]} Bxd5
{[%clk 1:25:15]} 11. e3 {[%clk 1:22:01]} O-O {[%clk 1:25:37]} 12. Bb5
{[%clk 1:21:15]} Rad8 {[%clk 1:23:30]} 13. Bc6 {[%clk 1:18:00]} Bxf3
{[%clk 1:23:15]} 14. gxf3 {[%clk 1:17:11]} e5 {[%clk 1:22:03]} 15. Bxd7
{[%clk 1:06:11]} Rxd7 {[%clk 1:20:51]} 16. dxe5 {[%clk 1:05:49]} Rfd8
{[%clk 1:19:22]} 17. Qe4 {[%clk 0:57:10]} Rd5 {[%clk 0:59:09]} 18. f4
{[%clk 0:54:41]} f6 {[%clk 0:57:53]} 19. O-O {[%clk 0:52:23]} fxe5
{[%clk 0:57:43]} 20. f5 {[%clk 0:50:32]} Qd7 {[%clk 0:37:05]} 21. Rfc1
{[%clk 0:43:16]} Kh8 {[%clk 0:35:25]} 22. b4 {[%clk 0:39:00]} c6 {[%clk 0:31:29]}
23. a4 {[%clk 0:29:24]} Rf8 {[%clk 0:28:49]} 24. a5 {[%clk 0:27:48]} b5
{[%clk 0:27:53]} 25. Qc2 {[%clk 0:19:48]} Rd2 {[%clk 0:22:46]} 26. Rd1
{[%clk 0:16:52]} Rd6 {[%clk 0:19:28]} 27. Rxd6 {[%clk 0:13:02]} Qxd6
{[%clk 0:19:39]} 28. Qe4 {[%clk 0:13:26]} c5 {[%clk 0:09:52]} 29. bxc5
{[%clk 0:13:27]} Qxc5 {[%clk 0:10:21]} 30. Rd1 {[%clk 0:11:52]} Qc4
{[%clk 0:06:09]} 31. Qxc4 {[%clk 0:09:10]} bxc4 {[%clk 0:06:37]} 32. Kf1
{[%clk 0:09:00]} Kg8 {[%clk 0:02:23]} 33. Rd7 {[%clk 0:05:07]} Rxf5
{[%clk 0:01:26]} 34. Rxa7 {[%clk 0:05:07]} e4 {[%clk 0:01:35]} 35. Rc7
{[%clk 0:03:12]} Rxa5 {[%clk 0:02:00]} 36. Rxc4 {[%clk 0:03:37]} Re5
{[%clk 0:02:06]} 37. Rc7 {[%clk 0:03:17]} Rh5 {[%clk 0:01:59]} 38. Kg2
{[%clk 0:03:07]} Rg5+ {[%clk 0:02:24]} 39. Kh3 {[%clk 0:02:40]} Rh5+
{[%clk 0:02:33]} 40. Kg3 {[%clk 0:33:02]} Rg5+ {[%clk 0:32:50]} 41. Kh3
{[%clk 0:31:57]} Rh5+ {[%clk 0:33:08]} 42. Kg3 {[%clk 0:32:24]} 1/2-1/2

[Event "Superfinal (women)"]
[Site "Moscow"]
[Date "2020.12.05"]
[Round "1.5"]
[White "Pogonina, Natalija"]
[Black "Grigorieva, Yulia"]
[Result "1-0"]
[BlackElo "2290"]
[WhiteElo "2474"]
[LiveChessVersion "1.4.8"]

1. d4 {[%clk 1:30:56]} Nf6 {[%clk 1:30:55]} 2. c4 {[%clk 1:31:03]} e6
{[%clk 1:31:18]} 3. Nc3 {[%clk 1:26:12]} Bb4 {[%clk 1:31:23]} 4. Bd2
{[%clk 1:21:59]} c5 {[%clk 1:15:12]} 5. Nf3 {[%clk 1:10:45]} cxd4
{[%clk 1:03:23]} 6. Nxd4 {[%clk 1:10:27]} O-O {[%clk 1:02:47]} 7. e3
{[%clk 1:08:47]} b6 {[%clk 0:52:46]} 8. Be2 {[%clk 1:01:11]} Bb7 {[%clk 0:51:05]}
9. O-O {[%clk 0:59:03]} Nc6 {[%clk 0:49:20]} 10. Bf3 {[%clk 0:45:53]} a6
{[%clk 0:48:15]} 11. Ne4 {[%clk 0:39:29]} Be7 {[%clk 0:42:28]} 12. Bc3
{[%clk 0:38:32]} Rc8 {[%clk 0:40:19]} 13. Rc1 {[%clk 0:36:30]} Nxe4
{[%clk 0:33:19]} 14. Bxe4 {[%clk 0:36:46]} Qc7 {[%clk 0:28:49]} 15. Nxc6
{[%clk 0:24:26]} Bxc6 {[%clk 0:24:28]} 16. Qg4 {[%clk 0:20:31]} f6
{[%clk 0:18:52]} 17. Bxc6 {[%clk 0:16:34]} Qxc6 {[%clk 0:19:07]} 18. b3
{[%clk 0:17:00]} b5 {[%clk 0:16:21]} 19. Bb2 {[%clk 0:15:02]} Qb6
{[%clk 0:15:21]} 20. h4 {[%clk 0:13:16]} bxc4 {[%clk 0:13:23]} 21. Rxc4
{[%clk 0:13:36]} d5 {[%clk 0:12:36]} 22. Rcc1 {[%clk 0:13:18]} Rc6
{[%clk 0:09:42]} 23. Rxc6 {[%clk 0:13:09]} Qxc6 {[%clk 0:10:09]} 24. Rc1
{[%clk 0:13:34]} Qd7 {[%clk 0:09:33]} 25. Qe2 {[%clk 0:11:23]} Qd6
{[%clk 0:02:14]} 26. Qc2 {[%clk 0:11:05]} Rd8 {[%clk 0:02:20]} 27. h5
{[%clk 0:10:10]} e5 {[%clk 0:02:24]} 28. Qd3 {[%clk 0:07:17]} Qb6
{[%clk 0:01:45]} 29. Qf5 {[%clk 0:07:00]} Qd6 {[%clk 0:00:54]} 30. Qc2
{[%clk 0:03:17]} Qd7 {[%clk 0:00:52]} 31. Qc3 {[%clk 0:02:54]} Qg4
{[%clk 0:00:40]} 32. Qc7 {[%clk 0:02:34]} Kf8 {[%clk 0:00:33]} 33. h6
{[%clk 0:01:28]} gxh6 {[%clk 0:00:46]} 34. Qb6 {[%clk 0:00:46]} h5
{[%clk 0:00:37]} 35. Qxa6 {[%clk 0:00:52]} h4 {[%clk 0:00:37]} 36. Qf1
{[%clk 0:00:40]} d4 {[%clk 0:00:42]} 37. exd4 {[%clk 0:00:53]} exd4
{[%clk 0:01:07]} 38. Qd3 {[%clk 0:00:54]} Rd5 {[%clk 0:00:35]} 39. Re1
{[%clk 0:00:35]} Rg5 {[%clk 0:00:34]} 40. Qe4 {[%clk 0:30:36]} Qxe4
{[%clk 0:30:33]} 41. Rxe4 {[%clk 0:28:42]} h3 {[%clk 0:12:24]} 42. Bxd4
{[%clk 0:13:23]} Rxg2+ {[%clk 0:11:17]} 43. Kh1 {[%clk 0:11:38]} Bd6
{[%clk 0:08:56]} 44. Rh4 {[%clk 0:09:18]} Rh2+ {[%clk 0:08:42]} 45. Kg1
{[%clk 0:09:41]} Rg2+ {[%clk 0:08:38]} 46. Kf1 {[%clk 0:09:44]} Rh2
{[%clk 0:08:22]} 47. Rg4 {[%clk 0:04:35]} Rh1+ {[%clk 0:05:09]} 48. Rg1
{[%clk 0:04:47]} Rxg1+ {[%clk 0:04:21]} 49. Kxg1 {[%clk 0:05:13]} Ke7
{[%clk 0:04:13]} 50. a4 {[%clk 0:01:32]} f5 {[%clk 0:01:16]} 51. a5
{[%clk 0:01:22]} Kd7 {[%clk 0:00:47]} 52. a6 {[%clk 0:01:45]} Kc7
{[%clk 0:00:42]} 53. f3 {[%clk 0:01:03]} Kb8 {[%clk 0:00:41]} 54. Be3
{[%clk 0:01:05]} Bg3 {[%clk 0:00:35]} 55. b4 {[%clk 0:01:03]} h5 {[%clk 0:00:39]}
56. b5 {[%clk 0:00:52]} Ka8 {[%clk 0:00:34]} 57. b6 {[%clk 0:00:43]} Kb8
{[%clk 0:00:36]} 58. f4 {[%clk 0:00:38]} h4 {[%clk 0:00:35]} 59. Kh1
{[%clk 0:00:59]} Ka8 {[%clk 0:00:33]} 60. b7+ {[%clk 0:00:44]} Kb8
{[%clk 0:01:00]} 61. Bc1 {[%clk 0:00:38]} Ka7 {[%clk 0:00:34]} 62. Bd2
{[%clk 0:01:03]} Kb8 {[%clk 0:00:36]} 63. Be3 {[%clk 0:01:28]} h2
{[%clk 0:00:33]} 64. Kg2 {[%clk 0:01:43]} h3+ {[%clk 0:00:36]} 65. Kh1
{[%clk 0:02:09]} Be1 {[%clk 0:00:33]} 66. Bd4 {[%clk 0:02:03]} Ba5
{[%clk 0:00:35]} 67. Be5+ {[%clk 0:02:29]} 1-0

[Event "Superfinal (women)"]
[Site "Moscow"]
[Date "2020.12.05"]
[Round "1.6"]
[White "Garifullina, Leya"]
[Black "Galliamova, Alisa"]
[Result "1/2-1/2"]
[BlackElo "2438"]
[WhiteElo "2348"]
[LiveChessVersion "1.4.8"]

1. e4 {[%clk 1:30:53]} e5 {[%clk 1:30:55]} 2. Nf3 {[%clk 1:31:16]} Nc6
{[%clk 1:31:21]} 3. Bb5 {[%clk 1:31:39]} a6 {[%clk 1:31:45]} 4. Ba4
{[%clk 1:32:04]} Nf6 {[%clk 1:32:05]} 5. O-O {[%clk 1:32:26]} Be7
{[%clk 1:32:28]} 6. Re1 {[%clk 1:32:48]} b5 {[%clk 1:32:49]} 7. Bb3
{[%clk 1:33:12]} d6 {[%clk 1:33:08]} 8. c3 {[%clk 1:33:37]} O-O {[%clk 1:33:25]}
9. h3 {[%clk 1:34:02]} Nb8 {[%clk 1:33:26]} 10. d4 {[%clk 1:34:06]} Nbd7
{[%clk 1:33:49]} 11. Nbd2 {[%clk 1:34:19]} Bb7 {[%clk 1:34:09]} 12. Bc2
{[%clk 1:34:33]} Re8 {[%clk 1:34:24]} 13. Nf1 {[%clk 1:34:51]} Bf8
{[%clk 1:34:45]} 14. Ng3 {[%clk 1:35:15]} g6 {[%clk 1:35:03]} 15. a4
{[%clk 1:35:18]} c5 {[%clk 1:35:05]} 16. d5 {[%clk 1:35:04]} c4 {[%clk 1:35:26]}
17. Be3 {[%clk 1:34:53]} Qc7 {[%clk 1:32:34]} 18. Nh2 {[%clk 1:33:16]} Bg7
{[%clk 1:26:20]} 19. Ng4 {[%clk 1:29:41]} Nxg4 {[%clk 1:24:21]} 20. hxg4
{[%clk 1:29:38]} Reb8 {[%clk 1:22:33]} 21. Qd2 {[%clk 1:21:48]} Bc8
{[%clk 1:12:31]} 22. axb5 {[%clk 1:09:03]} axb5 {[%clk 1:11:10]} 23. Reb1
{[%clk 1:06:08]} Nc5 {[%clk 0:58:28]} 24. f3 {[%clk 1:05:02]} Bd7
{[%clk 0:55:23]} 25. Qe1 {[%clk 0:59:58]} Na4 {[%clk 0:42:32]} 26. Kf2
{[%clk 0:52:46]} Bf6 {[%clk 0:36:25]} 27. Qh1 {[%clk 0:45:57]} Be8
{[%clk 0:26:18]} 28. g5 {[%clk 0:40:59]} Bd8 {[%clk 0:25:33]} 29. Qh4
{[%clk 0:36:28]} f6 {[%clk 0:20:24]} 30. gxf6 {[%clk 0:35:25]} Qf7
{[%clk 0:14:15]} 31. Bg5 {[%clk 0:33:36]} b4 {[%clk 0:12:48]} 32. Bxa4
{[%clk 0:32:18]} Bxa4 {[%clk 0:10:39]} 33. Nf1 {[%clk 0:31:21]} Bc2
{[%clk 0:04:06]} 34. Rc1 {[%clk 0:29:51]} b3 {[%clk 0:02:14]} 35. Kg3
{[%clk 0:28:18]} h5 {[%clk 0:01:40]} 36. Ne3 {[%clk 0:26:04]} Bd3
{[%clk 0:02:06]} 37. Kh3 {[%clk 0:24:46]} Ra2 {[%clk 0:01:59]} 38. g4
{[%clk 0:21:43]} Rba8 {[%clk 0:02:05]} 39. Rxa2 {[%clk 0:21:32]} bxa2
{[%clk 0:02:23]} 40. Ra1 {[%clk 0:51:46]} Bb6 {[%clk 0:31:18]} 41. Ng2
{[%clk 0:46:26]} Bb1 {[%clk 0:21:38]} 42. gxh5 {[%clk 0:37:44]} gxh5
{[%clk 0:19:50]} 43. Be3 {[%clk 0:35:37]} Bd8 {[%clk 0:08:57]} 44. Qg5+
{[%clk 0:34:59]} Kf8 {[%clk 0:07:58]} 45. Qh6+ {[%clk 0:34:41]} Kg8
{[%clk 0:05:13]} 46. Bg5 {[%clk 0:30:55]} Qh7 {[%clk 0:03:45]} 47. Ne3
{[%clk 0:30:02]} Qxh6 {[%clk 0:03:38]} 48. Bxh6 {[%clk 0:30:29]} Rc8
{[%clk 0:00:44]} 49. Nf5 {[%clk 0:27:26]} Bxf6 {[%clk 0:00:54]} 50. Nxd6
{[%clk 0:27:52]} Rc7 {[%clk 0:00:45]} 51. Nf5 {[%clk 0:27:20]} Rb7
{[%clk 0:00:43]} 52. Bc1 {[%clk 0:27:43]} Bd8 {[%clk 0:00:39]} 53. Nd6
{[%clk 0:25:15]} Rc7 {[%clk 0:00:59]} 54. Be3 {[%clk 0:25:16]} Be7
{[%clk 0:00:53]} 55. Nf5 {[%clk 0:24:58]} Bf6 {[%clk 0:00:58]} 56. d6
{[%clk 0:24:44]} Rc6 {[%clk 0:00:46]} 57. Ba7 {[%clk 0:22:12]} Kf7
{[%clk 0:00:40]} 58. Bb8 {[%clk 0:16:00]} Ke6 {[%clk 0:00:37]} 59. Ne3
{[%clk 0:14:29]} Bg5 {[%clk 0:00:37]} 60. Nd5 {[%clk 0:13:31]} Bc1
{[%clk 0:00:36]} 61. Nb4 {[%clk 0:13:28]} Rb6 {[%clk 0:00:33]} 62. Nxa2
{[%clk 0:13:05]} Bxb2 {[%clk 0:00:33]} 63. Rxb1 {[%clk 0:13:15]} Rxb8
{[%clk 0:00:50]} 64. Nc1 {[%clk 0:11:58]} Kxd6 {[%clk 0:00:47]} 65. Ne2
{[%clk 0:12:23]} Rb3 {[%clk 0:00:41]} 66. Kh4 {[%clk 0:08:06]} Bxc3
{[%clk 0:00:44]} 67. Rc1 {[%clk 0:08:30]} Ba5 {[%clk 0:00:43]} 68. Rxc4
{[%clk 0:08:48]} Rxf3 {[%clk 0:00:56]} 1/2-1/2

[Event "Superfinal (women)"]
[Site "Moscow"]
[Date "2020.12.06"]
[Round "2.1"]
[White "Kosteniuk, Alexandra"]
[Black "Galliamova, Alisa"]
[Result "0-1"]
[BlackElo "2438"]
[WhiteElo "2471"]
[LiveChessVersion "1.4.8"]

1. e4 {[%clk 1:30:56]} e5 {[%clk 1:30:56]} 2. Nf3 {[%clk 1:31:19]} Nc6
{[%clk 1:31:21]} 3. Bb5 {[%clk 1:31:44]} a6 {[%clk 1:31:37]} 4. Ba4
{[%clk 1:32:09]} Nf6 {[%clk 1:32:00]} 5. O-O {[%clk 1:32:27]} Be7
{[%clk 1:32:23]} 6. Re1 {[%clk 1:32:36]} b5 {[%clk 1:32:41]} 7. Bb3
{[%clk 1:33:02]} d6 {[%clk 1:33:05]} 8. c3 {[%clk 1:33:19]} O-O {[%clk 1:33:23]}
9. h3 {[%clk 1:33:32]} Nb8 {[%clk 1:33:44]} 10. d4 {[%clk 1:33:47]} Nbd7
{[%clk 1:34:03]} 11. Nbd2 {[%clk 1:33:57]} Bb7 {[%clk 1:34:21]} 12. Bc2
{[%clk 1:34:05]} Re8 {[%clk 1:34:42]} 13. Nf1 {[%clk 1:34:18]} Bf8
{[%clk 1:35:05]} 14. Ng3 {[%clk 1:34:40]} g6 {[%clk 1:35:29]} 15. a4
{[%clk 1:34:54]} c5 {[%clk 1:35:35]} 16. d5 {[%clk 1:35:03]} c4 {[%clk 1:35:55]}
17. Bg5 {[%clk 1:35:15]} Qc7 {[%clk 1:35:42]} 18. Qd2 {[%clk 1:35:07]} Reb8
{[%clk 1:35:06]} 19. Rf1 {[%clk 1:32:58]} Bc8 {[%clk 1:34:14]} 20. Kh1
{[%clk 1:08:10]} Bg7 {[%clk 1:30:03]} 21. Bh6 {[%clk 1:00:51]} bxa4
{[%clk 1:16:45]} 22. Nh4 {[%clk 0:53:14]} Qd8 {[%clk 0:48:48]} 23. Bxg7
{[%clk 0:49:56]} Kxg7 {[%clk 0:49:00]} 24. Qg5 {[%clk 0:49:43]} Qf8
{[%clk 0:46:56]} 25. Rab1 {[%clk 0:29:36]} Ra7 {[%clk 0:39:40]} 26. Bxa4
{[%clk 0:18:36]} Rab7 {[%clk 0:33:32]} 27. f4 {[%clk 0:09:54]} h6
{[%clk 0:28:14]} 28. Nhf5+ {[%clk 0:10:20]} Kh7 {[%clk 0:28:18]} 29. Qh4
{[%clk 0:10:46]} gxf5 {[%clk 0:16:48]} 30. fxe5 {[%clk 0:11:10]} dxe5
{[%clk 0:16:08]} 31. Nxf5 {[%clk 0:07:54]} Ng8 {[%clk 0:13:59]} 32. Rf2
{[%clk 0:03:56]} Nc5 {[%clk 0:11:15]} 33. Bc6 {[%clk 0:04:22]} Bxf5
{[%clk 0:07:44]} 34. Bxb7 {[%clk 0:01:43]} Bg6 {[%clk 0:06:24]} 35. Bc6
{[%clk 0:01:08]} Nxe4 {[%clk 0:06:17]} 36. Rff1 {[%clk 0:00:47]} Nd2
{[%clk 0:05:28]} 37. Rfd1 {[%clk 0:01:14]} Nxb1 {[%clk 0:05:43]} 38. d6
{[%clk 0:01:42]} Qd8 {[%clk 0:01:31]} 39. Qxc4 {[%clk 0:01:57]} Nf6
{[%clk 0:01:09]} 40. b4 {[%clk 0:31:18]} Kg7 {[%clk 0:30:47]} 41. d7
{[%clk 0:31:27]} Qb6 {[%clk 0:19:49]} 42. Rd6 {[%clk 0:31:03]} Nxd7
{[%clk 0:14:04]} 43. Rxd7 {[%clk 0:31:17]} Qe3 {[%clk 0:13:44]} 44. Bd5
{[%clk 0:27:52]} Rf8 {[%clk 0:12:56]} 45. Qg4 {[%clk 0:27:28]} Nxc3
{[%clk 0:11:45]} 0-1

[Event "Superfinal (women)"]
[Site "Moscow"]
[Date "2020.12.06"]
[Round "2.2"]
[White "Grigorieva, Yulia"]
[Black "Garifullina, Leya"]
[Result "0-1"]
[BlackElo "2348"]
[WhiteElo "2290"]
[LiveChessVersion "1.4.8"]

1. e4 {[%clk 1:30:57]} c5 {[%clk 1:30:48]} 2. Nf3 {[%clk 1:31:21]} d6
{[%clk 1:31:09]} 3. d4 {[%clk 1:31:47]} cxd4 {[%clk 1:31:29]} 4. Nxd4
{[%clk 1:32:13]} Nf6 {[%clk 1:31:48]} 5. Nc3 {[%clk 1:32:33]} a6 {[%clk 1:32:07]}
6. h3 {[%clk 1:32:50]} e5 {[%clk 1:31:54]} 7. Nde2 {[%clk 1:33:06]} h5
{[%clk 1:31:59]} 8. Bg5 {[%clk 1:33:13]} Be6 {[%clk 1:31:59]} 9. Nc1
{[%clk 1:33:23]} Nbd7 {[%clk 1:30:35]} 10. Nb3 {[%clk 1:32:36]} Rc8
{[%clk 1:27:42]} 11. Be2 {[%clk 1:31:53]} Be7 {[%clk 1:27:24]} 12. O-O
{[%clk 1:31:43]} Nb6 {[%clk 1:22:16]} 13. Bxf6 {[%clk 1:18:23]} Bxf6
{[%clk 1:19:28]} 14. Bxh5 {[%clk 1:13:16]} Nc4 {[%clk 1:17:58]} 15. Nd5
{[%clk 1:05:20]} Bxd5 {[%clk 1:16:00]} 16. exd5 {[%clk 1:05:10]} Nxb2
{[%clk 1:16:09]} 17. Qe2 {[%clk 1:01:25]} Nc4 {[%clk 1:14:03]} 18. Bg4
{[%clk 0:54:05]} Rc7 {[%clk 1:14:03]} 19. a4 {[%clk 0:51:35]} Nb6
{[%clk 1:09:44]} 20. Rfd1 {[%clk 0:46:08]} O-O {[%clk 1:05:18]} 21. a5
{[%clk 0:38:42]} Nd7 {[%clk 1:04:13]} 22. Rdb1 {[%clk 0:37:37]} g6
{[%clk 1:03:02]} 23. c4 {[%clk 0:34:19]} Bg7 {[%clk 0:55:16]} 24. Bxd7
{[%clk 0:33:59]} Qxd7 {[%clk 0:55:29]} 25. Nd2 {[%clk 0:32:23]} Bh6
{[%clk 0:54:28]} 26. Rb4 {[%clk 0:30:26]} Bxd2 {[%clk 0:50:11]} 27. Qxd2
{[%clk 0:30:55]} Rfc8 {[%clk 0:50:23]} 28. Rab1 {[%clk 0:25:05]} Rxc4
{[%clk 0:43:09]} 29. Rxb7 {[%clk 0:25:33]} Qf5 {[%clk 0:43:08]} 30. Rb8
{[%clk 0:15:17]} Kg7 {[%clk 0:42:43]} 31. R1b2 {[%clk 0:06:31]} Rc1+
{[%clk 0:41:21]} 32. Kh2 {[%clk 0:06:59]} R1c2 {[%clk 0:40:51]} 33. Rxc2
{[%clk 0:04:59]} Rxc2 {[%clk 0:41:12]} 34. Qe3 {[%clk 0:04:57]} Rxf2
{[%clk 0:40:16]} 35. Rb6 {[%clk 0:04:08]} Qc2 {[%clk 0:36:11]} 36. Qg5
{[%clk 0:04:37]} Qc5 {[%clk 0:32:39]} 37. h4 {[%clk 0:03:30]} Qxd5
{[%clk 0:30:05]} 38. Rxa6 {[%clk 0:02:24]} Qd4 {[%clk 0:28:56]} 39. Ra8
{[%clk 0:01:19]} Rf4 {[%clk 0:27:23]} 40. Kh3 {[%clk 0:30:43]} Qd3+
{[%clk 0:57:35]} 41. Qg3 {[%clk 0:29:40]} Qf5+ {[%clk 0:57:16]} 42. Kh2
{[%clk 0:30:03]} Qe4 {[%clk 0:57:39]} 43. Rb8 {[%clk 0:28:01]} Rxh4+
{[%clk 0:58:02]} 44. Kg1 {[%clk 0:28:27]} Qd4+ {[%clk 0:58:21]} 45. Kf1
{[%clk 0:28:52]} Rf4+ {[%clk 0:58:47]} 46. Ke2 {[%clk 0:29:12]} Re4+
{[%clk 0:59:11]} 47. Kf1 {[%clk 0:29:28]} Qd1+ {[%clk 0:59:36]} 0-1